000 00490nam a2200181Ia 4500
005 20250326143525.0
008 250326s9999 xx 000 0 und d
037 _aTextbook
040 _aFMSL
_beng
_cFMSL
041 _aeng
_2eng
084 _aX:9 P5
_qFMSL
100 _aA Ed.
_9748137
245 0 _aAppraising employee performance
_cA Ed.
260 _aBoston
_bBoston, Harvard Business School
_c2005
300 _a169p
942 _cTB
_hX:9 P5
999 _c1299947
_d1299947